Κατάλογος Βιβλιοθηκών Mediterranean College

Πολιτική και Οικονομία της Υγείας / Στρατηγικός Σχεδιασμός - Οργάνωση και Διοίκηση - Οικονομική Λειτουργία - Τομεακές Πολιτικές (Record no. 6239)

MARC details
000 -LEADER
fixed length control field 02393cam a22001934a 4500
005 - ΗΜΕΡΟΜΗΝΙΑ ΚΑΙ ΩΡΑ ΤΕΛΕΥΤΑΙΑΣ ΕΝΗΜΕΡΩΣΗΣ
Πεδίο ελέγχου 20250605164237.0
008 - FIXED-LENGTH DATA ELEMENTS--GENERAL INFORMATION
Πεδίο ελέγχου σταθερού μήκους 250528s ||||||||||||||||||||||||d
035 ## - SYSTEM CONTROL NUMBER
System control number 21171
020 ## - ISBN
ISBN 9789600220469
040 ## - ΠΗΓΗ ΚΑΤΑΛΟΓΟΓΡΑΦΗΣΗΣ
Φορέας πρωτότυπης καταλογογράφησης MC Athens Campus Library
Γλώσσα καταλογογράφησης Ελληνικά, Μοντέρνα (1453-)
Modifying agency MC Athens Campus Library
Κανόνες περιγραφικής καταλογογράφησης AACR2
245 1# - ΤΙΤΛΟΣ ΚΑΙ ΔΗΛΩΣΗ ΥΠΕΥΘΥΝΟΤΗΤΑΣ
Τίτλος Πολιτική και Οικονομία της Υγείας / Στρατηγικός Σχεδιασμός - Οργάνωση και Διοίκηση - Οικονομική Λειτουργία - Τομεακές Πολιτικές
260 ## - PUBLICATION, DISTRIBUTION, ETC.
Name of publisher, distributor, etc. Παπαζήση,
Date of publication, distribution, etc. 2006
300 ## - PHYSICAL DESCRIPTION
Extent 576
520 ## - SUMMARY, ETC.
Summary, etc. Ένας ιδανικός τρόπος ανάδειξης και μελέτης της νέας πραγματικότητας που διαμορφώνεται στον τομέα της υγείας. Πρόλογος, Προκλήσεις στο Σχεδιασμό της Πολιτικής Υγείας, Δημογραφική Γήρανση και Πολιτική Υγείας, Οικονομικές και Κοινωνικές Ανισότητες στην Υγεία και τις Υπηρεσίες Υγείας, Πολιτικά Κόμματα και Πολιτική Υγείας: Η Υγειονομική Περίθαλψη ως Πολιτικό Διακύβευμα, Ηθικές και Νομικές Παράμετροι της Υγείας: Η Προστασία των Διακιωμάτων των Ασθενών, Κοινωνικοί και Πολιτιστικοί Παράγοντες της Υγείας και των Υπηρεσιών Υγείας, Οργάνωση και Διοίκηση των Υπηρεσιών Υγείας, Τοπική Αυτοδιοίκηση και Υπηρεσίες Υγείας, Εφαρμογές Πληροφορικής στις Υπηρεσίες Υγείας, Οικονομική Λειτουργία των Συστημάτων Υγείας, Ιδιωτική Ασφάλιση και Υπηρεσίες Υγείας, Οικονομική Αξιολόγηση Υπηρεσιών Υγείας, Τομεακές Πολιτικές στην Υγεία, Δημόσια Υγεία, Αγορά Φαρμάκου και Φαρμακευτική Πολιτική, Πολιτική Ψυχικής Υγείας, Βιογραφικά Συγγραφέων.
700 1# - ΠΡΟΣΘΕΤΗ ΑΝΑΓΡΑΦΗ--ΦΥΣΙΚΟ ΠΡΟΣΩΠΟ
Personal name Σουλιώτης Κυριάκος Ν
9 (RLIN) 7199
942 ## - ADDED ENTRY ELEMENTS (KOHA)
Koha item type Books
Holdings
Τύπος τεκμηρίου Βιβλιοθήκη Τρέχουσα τοποθεσία Barcode Αριθμός εισαγωγής Ημερομηνία απόκτησης Ταξιθετικό σύμβολο Αριθμός αντιτύπου Κατάσταση απόσυρσης Κατάσταση χαμένου Κατάσταση κατεστραμμένου Μη δανεισμός Σύνολο δανεισμών Ημερομηνία τελευταίας εμφάνισης Η τιμή ισχύει από
Books MC Athens Campus Library MC Athens Campus Library 9780000062383 3072 05/06/2025 362.1068 SOU 1           05/06/2025 05/06/2025

MC Athens Campus Library
Πατησίων 94 & Κοδριγκτώνος 13, 104 34
Πελλήνης 8 & Πατησίων 107, 112 51
Τ: +30 210 8899600

MC Thessaloniki Campus Library
Ίωνος Δραγούμη 21, 54625 | Ίωνος Δραγούμη 15, 54625
Τ: +30 2310 287779 – Τ: +30 2314 440300